[Event "WCO2014"]
[Site "Tromso"]
[Date "2014.08.12"]
[Round "10.45"]
[WhiteID "4403070"]
[White "Franco Valencia Angela"]
[BlackID "1008498"]
[Black "Muhren Bianca"]
[Result "1/2-1/2"]
[LiveChessVersion "1.4.3"]
[BlackElo "2314"]
[WhiteElo "2186"]

1. e4 {[%clk 1:30:57]} c5 {[%clk 1:30:56]} 2. Nf3 {[%clk 1:31:14]} Nc6
{[%clk 1:31:17]} 3. d4 {[%clk 1:31:22]} cxd4 {[%clk 1:31:43]} 4. Nxd4
{[%clk 1:31:36]} e6 {[%clk 1:32:10]} 5. Nc3 {[%clk 1:31:42]} Qc7 {[%clk 1:32:35]}
6. g3 {[%clk 1:31:46]} a6 {[%clk 1:32:35]} 7. Bg2 {[%clk 1:32:01]} Nf6
{[%clk 1:32:59]} 8. O-O {[%clk 1:30:46]} Nxd4 {[%clk 1:33:21]} 9. Qxd4
{[%clk 1:31:08]} Bc5 {[%clk 1:33:47]} 10. Bf4 {[%clk 1:31:07]} d6
{[%clk 1:34:05]} 11. Qd3 {[%clk 1:31:01]} h6 {[%clk 1:34:08]} 12. Na4
{[%clk 1:27:31]} e5 {[%clk 1:32:43]} 13. Bd2 {[%clk 1:21:39]} Bd4
{[%clk 1:13:15]} 14. c3 {[%clk 1:17:15]} Ba7 {[%clk 1:12:46]} 15. c4
{[%clk 1:17:01]} Be6 {[%clk 0:58:29]} 16. Rac1 {[%clk 1:12:48]} O-O
{[%clk 0:56:13]} 17. b3 {[%clk 1:12:24]} Rac8 {[%clk 0:40:59]} 18. Be3
{[%clk 1:02:09]} Bxe3 {[%clk 0:30:44]} 19. Qxe3 {[%clk 1:02:07]} Nd7
{[%clk 0:30:46]} 20. Nc3 {[%clk 1:00:12]} Qc5 {[%clk 0:26:54]} 21. Qd2
{[%clk 0:57:36]} Rfd8 {[%clk 0:19:31]} 22. Nd5 {[%clk 0:49:57]} Kf8
{[%clk 0:19:18]} 23. Kh1 {[%clk 0:44:36]} Qa3 {[%clk 0:14:57]} 24. Nc3
{[%clk 0:38:23]} Nb8 {[%clk 0:12:40]} 25. f4 {[%clk 0:37:50]} f6 {[%clk 0:12:49]}
26. Nd5 {[%clk 0:34:59]} Bxd5 {[%clk 0:11:55]} 27. cxd5 {[%clk 0:31:12]} Nd7
{[%clk 0:08:41]} 28. Bh3 {[%clk 0:26:48]} Rxc1 {[%clk 0:05:50]} 29. Rxc1
{[%clk 0:26:35]} Nc5 {[%clk 0:06:13]} 30. Re1 {[%clk 0:24:54]} Re8
{[%clk 0:06:03]} 31. b4 {[%clk 0:24:11]} Qd3 {[%clk 0:03:48]} 32. Qe2
{[%clk 0:22:14]} Qxe2 {[%clk 0:02:11]} 33. Rxe2 {[%clk 0:22:39]} Na4
{[%clk 0:01:20]} 34. Bd7 {[%clk 0:18:35]} Nc3 {[%clk 0:01:49]} 35. Rc2
{[%clk 0:19:00]} Re7 {[%clk 0:01:37]} 36. Bf5 {[%clk 0:19:20]} Nb5
{[%clk 0:01:28]} 37. fxe5 {[%clk 0:18:12]} fxe5 {[%clk 0:00:43]} 38. Rc8+
{[%clk 0:13:09]} Re8 {[%clk 0:01:10]} 39. a4 {[%clk 0:10:53]} Nd4
{[%clk 0:01:19]} 40. Rc7 {[%clk 0:01:56]} Re7 {[%clk 0:01:17]} 41. Bd7
{[%clk 0:00:34]} b5 {[%clk 0:11:27]} 42. a5 {[%clk 0:30:44]} Kf7 {[%clk 0:11:51]}
43. Kg2 {[%clk 0:29:47]} Kf6 {[%clk 0:12:15]} 44. Kf2 {[%clk 0:29:10]} h5
{[%clk 0:11:14]} 45. Ke3 {[%clk 0:28:35]} g5 {[%clk 0:11:09]} 46. Kd3
{[%clk 0:27:52]} h4 {[%clk 0:08:38]} 47. Rb7 {[%clk 0:24:39]} Nf3
{[%clk 0:07:47]} 48. Bc6 {[%clk 0:20:25]} h3 {[%clk 0:05:48]} 49. Rxe7
{[%clk 0:20:21]} Kxe7 {[%clk 0:06:17]} 50. Bb7 {[%clk 0:13:36]} Nxh2
{[%clk 0:06:27]} 51. Ke2 {[%clk 0:14:00]} Ng4 {[%clk 0:06:22]} 52. Kf1
{[%clk 0:14:27]} Ne3+ {[%clk 0:01:43]} 53. Kg1 {[%clk 0:14:53]} Nc2
{[%clk 0:01:21]} 54. Bxa6 {[%clk 0:15:12]} Nd4 {[%clk 0:01:13]} 55. Bc8
{[%clk 0:15:09]} Kd8 {[%clk 0:01:37]} 56. Bxh3 {[%clk 0:15:14]} Kc7
{[%clk 0:01:16]} 57. Bf1 {[%clk 0:15:11]} Kb7 {[%clk 0:01:17]} 58. Kg2
{[%clk 0:14:29]} Ka6 {[%clk 0:01:22]} 59. Kh3 {[%clk 0:14:10]} Nc2
{[%clk 0:01:36]} 60. Be2 {[%clk 0:12:39]} Nxb4 {[%clk 0:02:01]} 61. Kg4
{[%clk 0:13:05]} Kxa5 {[%clk 0:01:56]} 62. Kxg5 {[%clk 0:13:29]} Nc2
{[%clk 0:01:38]} 63. Kf6 {[%clk 0:13:01]} b4 {[%clk 0:01:06]} 64. Bc4
{[%clk 0:13:19]} Ne3 {[%clk 0:01:21]} 65. Bb3 {[%clk 0:11:52]} Kb5
{[%clk 0:01:49]} 66. Ke7 {[%clk 0:11:14]} Kc5 {[%clk 0:02:17]} 67. Ke6
{[%clk 0:11:32]} Ng4 {[%clk 0:01:29]} 68. Kf5 {[%clk 0:11:13]} Ne3+
{[%clk 0:01:58]} 69. Ke6 {[%clk 0:11:05]} Ng4 {[%clk 0:00:42]} 70. Kf5
{[%clk 0:11:28]} Ne3+ {[%clk 0:01:02]} 71. Ke6 {[%clk 0:11:30]} Ng4
{[%clk 0:00:57]} 72. Kf5 {[%clk 0:11:56]} Ne3+ {[%clk 0:01:00]} 1/2-1/2

[Event "WCO2014"]
[Site "Tromso"]
[Date "2014.08.12"]
[Round "10.21"]
[WhiteID "14603314"]
[White "Srebrnic Ana"]
[BlackID "13800221"]
[Black "Samaganova Alexandra"]
[Result "0-1"]
[LiveChessVersion "1.4.3"]
[BlackElo "2012"]
[WhiteElo "2251"]

1. c4 {[%clk 1:30:38]} c5 {[%clk 1:30:31]} 2. Nc3 {[%clk 1:30:47]} Nc6
{[%clk 1:29:48]} 3. e3 {[%clk 1:31:00]} Nf6 {[%clk 1:25:04]} 4. g4
{[%clk 1:29:06]} h6 {[%clk 1:17:56]} 5. Bg2 {[%clk 1:18:13]} e6 {[%clk 1:08:23]}
6. h3 {[%clk 0:58:07]} d5 {[%clk 0:56:27]} 7. cxd5 {[%clk 0:57:34]} exd5
{[%clk 0:50:52]} 8. d4 {[%clk 0:52:13]} cxd4 {[%clk 0:43:34]} 9. exd4
{[%clk 0:52:32]} Bb4 {[%clk 0:43:45]} 10. Nge2 {[%clk 0:51:28]} h5
{[%clk 0:35:00]} 11. g5 {[%clk 0:33:55]} Ne4 {[%clk 0:13:50]} 12. Kf1
{[%clk 0:29:00]} Bxc3 {[%clk 0:09:55]} 13. Nxc3 {[%clk 0:13:57]} Bf5
{[%clk 0:09:56]} 14. Nxe4 {[%clk 0:06:23]} dxe4 {[%clk 0:09:22]} 15. Be3
{[%clk 0:06:10]} Qd5 {[%clk 0:08:19]} 16. Rc1 {[%clk 0:02:46]} Rd8
{[%clk 0:04:24]} 17. Qa4 {[%clk 0:02:58]} O-O {[%clk 0:04:19]} 18. Rc5
{[%clk 0:03:12]} Qd7 {[%clk 0:03:42]} 19. d5 {[%clk 0:02:10]} Ne7
{[%clk 0:02:05]} 20. Qxd7 {[%clk 0:01:15]} Rxd7 {[%clk 0:02:29]} 21. Rc4
{[%clk 0:00:41]} Nxd5 {[%clk 0:00:55]} 22. Bxe4 {[%clk 0:00:40]} Nxe3+
{[%clk 0:00:58]} 23. fxe3 {[%clk 0:01:06]} Bxe4 {[%clk 0:01:03]} 24. Rxe4
{[%clk 0:01:32]} Rd1+ {[%clk 0:01:26]} 25. Kg2 {[%clk 0:01:58]} Rd2+
{[%clk 0:01:49]} 26. Kf3 {[%clk 0:02:25]} Rxb2 {[%clk 0:02:08]} 27. Re7
{[%clk 0:02:35]} Rb8 {[%clk 0:01:46]} 28. Rd1 {[%clk 0:02:06]} Rxa2
{[%clk 0:00:41]} 29. Rdd7 {[%clk 0:02:33]} Rf8 {[%clk 0:00:36]} 30. Rxb7
{[%clk 0:02:56]} a6 {[%clk 0:00:38]} 31. Ra7 {[%clk 0:00:52]} Ra5
{[%clk 0:00:36]} 32. Kf4 {[%clk 0:00:53]} g6 {[%clk 0:00:44]} 33. Re5
{[%clk 0:00:36]} Ra1 {[%clk 0:00:42]} 34. Ree7 {[%clk 0:00:35]} Ra5
{[%clk 0:00:36]} 35. e4 {[%clk 0:00:52]} Ra3 {[%clk 0:00:49]} 36. Red7
{[%clk 0:00:44]} Rxh3 {[%clk 0:00:50]} 37. Rxa6 {[%clk 0:01:03]} Rh4+
{[%clk 0:00:58]} 38. Kf3 {[%clk 0:00:42]} Re8 {[%clk 0:00:53]} 39. Raa7
{[%clk 0:00:48]} Rf8 {[%clk 0:00:41]} 40. Re7 {[%clk 0:00:39]} Rg4
{[%clk 0:00:36]} 41. Ra5 {[%clk 0:30:01]} Rb8 {[%clk 0:18:32]} 42. Ke3
{[%clk 0:19:01]} Rb3+ {[%clk 0:12:35]} 43. Kd4 {[%clk 0:19:26]} Rb4+
{[%clk 0:09:08]} 44. Ke3 {[%clk 0:19:34]} Rg3+ {[%clk 0:07:40]} 45. Kf4
{[%clk 0:18:59]} Rbb3 {[%clk 0:06:25]} 46. Ra8+ {[%clk 0:14:36]} Kg7
{[%clk 0:06:44]} 47. Ree8 {[%clk 0:14:25]} Rg4+ {[%clk 0:06:22]} 48. Ke5
{[%clk 0:14:50]} Rxg5+ {[%clk 0:06:22]} 49. Kd4 {[%clk 0:15:17]} Rg1
{[%clk 0:02:24]} 50. Rg8+ {[%clk 0:13:51]} Kh6 {[%clk 0:02:38]} 51. Rh8+
{[%clk 0:13:50]} Kg5 {[%clk 0:02:40]} 52. Ra7 {[%clk 0:14:16]} Rf3
{[%clk 0:02:41]} 53. Rh7 {[%clk 0:12:27]} Rgf1 {[%clk 0:02:43]} 54. Ra8
{[%clk 0:12:52]} Kg4 {[%clk 0:02:49]} 55. Rah8 {[%clk 0:12:26]} Rf4
{[%clk 0:02:47]} 56. Re8 {[%clk 0:11:37]} h4 {[%clk 0:02:44]} 57. Ke5
{[%clk 0:11:24]} f6+ {[%clk 0:02:26]} 58. Kd4 {[%clk 0:11:27]} g5
{[%clk 0:02:17]} 59. Rh6 {[%clk 0:10:54]} f5 {[%clk 0:01:38]} 0-1

[Event "WCO2014"]
[Site "Tromso"]
[Date "2014.08.12"]
[Round "10.22"]
[WhiteID "13800060"]
[White "Ostry Irina"]
[BlackID "14601982"]
[Black "Krivec Jana"]
[Result "0-1"]
[LiveChessVersion "1.4.3"]
[BlackElo "2259"]
[WhiteElo "2177"]

1. e4 {[%clk 1:30:56]} e5 {[%clk 1:30:41]} 2. Nc3 {[%clk 1:31:14]} Nf6
{[%clk 1:30:16]} 3. g3 {[%clk 1:31:38]} d5 {[%clk 1:28:42]} 4. exd5
{[%clk 1:32:02]} Nxd5 {[%clk 1:29:08]} 5. Bg2 {[%clk 1:32:24]} Nxc3
{[%clk 1:29:22]} 6. bxc3 {[%clk 1:32:47]} Bc5 {[%clk 1:21:59]} 7. Ne2
{[%clk 1:33:02]} Nc6 {[%clk 1:22:00]} 8. Rb1 {[%clk 1:32:57]} O-O
{[%clk 1:20:44]} 9. d3 {[%clk 1:31:56]} Bb6 {[%clk 1:11:52]} 10. O-O
{[%clk 1:30:43]} Bg4 {[%clk 1:11:44]} 11. h3 {[%clk 1:30:40]} Be6
{[%clk 0:36:52]} 12. c4 {[%clk 1:28:58]} Qd7 {[%clk 0:32:24]} 13. Kh2
{[%clk 1:28:20]} Ne7 {[%clk 0:31:32]} 14. Nc3 {[%clk 1:22:19]} Rab8
{[%clk 0:20:52]} 15. Ba3 {[%clk 1:20:21]} f5 {[%clk 0:19:52]} 16. Qe2
{[%clk 1:15:57]} Rfe8 {[%clk 0:19:07]} 17. Qxe5 {[%clk 0:49:01]} Ng6
{[%clk 0:15:21]} 18. Qb5 {[%clk 0:46:17]} c6 {[%clk 0:15:37]} 19. Qa4
{[%clk 0:46:14]} f4 {[%clk 0:12:27]} 20. Ne4 {[%clk 0:37:59]} f3 {[%clk 0:12:26]}
21. Bxf3 {[%clk 0:38:22]} Bxh3 {[%clk 0:12:52]} 22. Rfe1 {[%clk 0:23:01]} Qf5
{[%clk 0:10:17]} 23. Bh1 {[%clk 0:09:25]} Bxf2 {[%clk 0:04:03]} 24. Bd6
{[%clk 0:09:03]} Rbd8 {[%clk 0:03:34]} 25. c5 {[%clk 0:08:49]} Bxe1
{[%clk 0:03:06]} 26. Rxe1 {[%clk 0:09:08]} Bg4 {[%clk 0:02:19]} 27. Bg2
{[%clk 0:09:05]} Ne5 {[%clk 0:02:22]} 28. Bxe5 {[%clk 0:06:01]} Rxe5
{[%clk 0:01:23]} 29. Rf1 {[%clk 0:05:36]} Qh5+ {[%clk 0:01:44]} 30. Kg1
{[%clk 0:05:54]} Rf5 {[%clk 0:01:32]} 31. Nf2 {[%clk 0:04:06]} Bf3
{[%clk 0:00:36]} 32. Qxa7 {[%clk 0:01:09]} Bxg2 {[%clk 0:00:58]} 33. Kxg2
{[%clk 0:01:30]} Qf3+ {[%clk 0:01:25]} 0-1

[Event "WCO2014"]
[Site "Tromso"]
[Date "2014.08.12"]
[Round "10.23"]
[WhiteID "14607093"]
[White "Kolaric Spela"]
[BlackID "13800043"]
[Black "Alymbay Kyzy Aizhan"]
[Result "1/2-1/2"]
[LiveChessVersion "1.4.3"]
[BlackElo "1859"]
[WhiteElo "2043"]

1. d4 {[%clk 1:30:41]} d5 {[%clk 1:30:55]} 2. c4 {[%clk 1:30:54]} c6
{[%clk 1:31:10]} 3. Nf3 {[%clk 1:31:02]} Nf6 {[%clk 1:31:33]} 4. e3
{[%clk 1:31:08]} e6 {[%clk 1:31:51]} 5. b3 {[%clk 1:31:22]} Be7 {[%clk 1:29:18]}
6. Bd3 {[%clk 1:31:08]} O-O {[%clk 1:28:37]} 7. O-O {[%clk 1:31:04]} Nbd7
{[%clk 1:25:52]} 8. Nc3 {[%clk 1:30:34]} Re8 {[%clk 1:17:21]} 9. Bb2
{[%clk 1:29:09]} b6 {[%clk 1:13:26]} 10. Qe2 {[%clk 1:27:14]} Bb7
{[%clk 1:12:32]} 11. Rfd1 {[%clk 1:25:03]} c5 {[%clk 1:04:19]} 12. cxd5
{[%clk 1:22:49]} exd5 {[%clk 0:58:49]} 13. Bf5 {[%clk 1:17:59]} a6
{[%clk 0:48:06]} 14. Rac1 {[%clk 1:12:53]} Rc8 {[%clk 0:40:26]} 15. Ne5
{[%clk 1:02:20]} cxd4 {[%clk 0:37:08]} 16. Nxd7 {[%clk 1:00:24]} dxc3
{[%clk 0:30:30]} 17. Nxf6+ {[%clk 0:58:01]} Bxf6 {[%clk 0:27:16]} 18. Bxc8
{[%clk 0:58:13]} cxb2 {[%clk 0:27:40]} 19. Bxb7 {[%clk 0:58:32]} bxc1=Q
{[%clk 0:28:03]} 20. Rxc1 {[%clk 0:58:51]} d4 {[%clk 0:22:11]} 21. Rc8
{[%clk 0:56:18]} Qe7 {[%clk 0:19:56]} 22. Rxe8+ {[%clk 0:56:36]} Qxe8
{[%clk 0:20:22]} 23. Bxa6 {[%clk 0:56:54]} g6 {[%clk 0:12:00]} 24. Kf1
{[%clk 0:54:20]} Kg7 {[%clk 0:12:01]} 25. exd4 {[%clk 0:54:15]} Qb8
{[%clk 0:10:22]} 26. g3 {[%clk 0:52:21]} Bxd4 {[%clk 0:10:37]} 27. Qe4 Qd6
{[%clk 0:10:16]} 28. Kg2 {[%clk 0:51:08]} Qf6 {[%clk 0:09:53]} 29. Qf3
{[%clk 0:51:14]} Qd6 {[%clk 0:09:13]} 30. Bc4 {[%clk 0:51:16]} Qe7
{[%clk 0:08:43]} 31. Qf4 {[%clk 0:48:49]} Bc5 {[%clk 0:08:19]} 32. a4
{[%clk 0:48:27]} Qb7+ {[%clk 0:07:20]} 33. Qf3 {[%clk 0:48:30]} Qe7
{[%clk 0:06:59]} 34. a5 {[%clk 0:42:46]} bxa5 {[%clk 0:04:29]} 35. Bxf7
{[%clk 0:40:29]} Bb4 {[%clk 0:03:57]} 36. Bc4 {[%clk 0:40:39]} Qc7
{[%clk 0:02:27]} 37. Qd5 {[%clk 0:40:27]} Qa7 {[%clk 0:01:47]} 38. h4
{[%clk 0:39:21]} Qe7 {[%clk 0:01:33]} 39. Kh3 {[%clk 0:38:20]} Qf6
{[%clk 0:01:14]} 40. g4 {[%clk 0:37:26]} Qf8 {[%clk 0:00:50]} 41. f3
{[%clk 0:32:04]} Bc3 {[%clk 0:00:47]} 42. Qd7+ {[%clk 0:30:26]} Kh8
{[%clk 0:30:00]} 43. Kg2 {[%clk 1:01:22]} Bf6 {[%clk 0:26:01]} 44. f4
{[%clk 0:55:30]} Qd8 {[%clk 0:23:40]} 45. Qe6 {[%clk 0:51:40]} Qd2+
{[%clk 0:22:39]} 46. Kf3 {[%clk 0:50:17]} Qc3+ {[%clk 0:22:52]} 47. Ke4
{[%clk 0:49:29]} Qd4+ {[%clk 0:23:13]} 48. Kf3 {[%clk 0:49:51]} Qc3+
{[%clk 0:23:38]} 49. Qe3 {[%clk 0:48:59]} Qxe3+ {[%clk 0:23:34]} 50. Kxe3
{[%clk 0:49:24]} Bxh4 {[%clk 0:23:55]} 51. Ke4 {[%clk 0:49:48]} Kg7
{[%clk 0:24:08]} 1/2-1/2

[Event "WCO2014"]
[Site "Tromso"]
[Date "2014.08.12"]
[Round "10.24"]
[WhiteID "13800531"]
[White "Shyngys Kyzy Aijarkyn"]
[BlackID "14609215"]
[Black "Unuk Laura"]
[Result "0-1"]
[LiveChessVersion "1.4.3"]
[BlackElo "2221"]
[WhiteElo "1800"]

1. d4 {[%clk 1:30:55]} Nf6 {[%clk 1:29:26]} 2. Nf3 {[%clk 1:31:12]} c5 3. c3
{[%clk 1:31:07]} d5 {[%clk 1:27:18]} 4. e3 {[%clk 1:31:29]} Nc6 {[%clk 1:27:11]}
5. Bd3 {[%clk 1:31:39]} Bg4 {[%clk 1:26:53]} 6. h3 {[%clk 1:29:15]} Bh5
{[%clk 1:26:08]} 7. Nbd2 {[%clk 1:27:30]} e6 {[%clk 1:23:14]} 8. O-O
{[%clk 1:27:35]} Be7 {[%clk 1:23:13]} 9. dxc5 {[%clk 1:27:27]} Bxc5
{[%clk 1:19:54]} 10. Qc2 {[%clk 1:24:23]} Qc7 {[%clk 1:02:51]} 11. b4
{[%clk 1:16:17]} Bd6 {[%clk 0:56:59]} 12. Bb2 {[%clk 1:15:42]} Bg6
{[%clk 0:51:42]} 13. a3 {[%clk 1:11:59]} a5 {[%clk 0:45:57]} 14. Rac1
{[%clk 0:55:53]} O-O {[%clk 0:35:48]} 15. b5 {[%clk 0:52:46]} Bxd3
{[%clk 0:33:40]} 16. Qxd3 {[%clk 0:53:03]} Ne5 {[%clk 0:33:58]} 17. Nxe5
{[%clk 0:52:33]} Bxe5 {[%clk 0:34:21]} 18. a4 {[%clk 0:33:20]} Nd7
{[%clk 0:28:21]} 19. Ba3 {[%clk 0:31:15]} Nc5 {[%clk 0:20:36]} 20. Qc2
{[%clk 0:27:18]} Rfd8 {[%clk 0:19:47]} 21. Rfd1 {[%clk 0:21:35]} Rac8
{[%clk 0:14:37]} 22. c4 {[%clk 0:19:03]} Nd7 {[%clk 0:08:02]} 23. c5
{[%clk 0:18:36]} Bd6 {[%clk 0:07:03]} 24. Nb3 {[%clk 0:17:45]} b6
{[%clk 0:06:37]} 25. Rd4 {[%clk 0:02:58]} Nxc5 {[%clk 0:04:33]} 26. Rh4
{[%clk 0:03:04]} g6 {[%clk 0:03:43]} 27. Nd4 {[%clk 0:02:10]} Qe7
{[%clk 0:03:29]} 28. g3 {[%clk 0:02:02]} Qc7 {[%clk 0:01:27]} 29. Kg2
{[%clk 0:01:26]} e5 {[%clk 0:00:47]} 30. Nc6 {[%clk 0:01:27]} Rd7
{[%clk 0:00:49]} 31. Bb2 {[%clk 0:01:43]} f6 {[%clk 0:00:47]} 32. Qe2
{[%clk 0:01:31]} e4 {[%clk 0:00:32]} 33. Bxf6 {[%clk 0:01:45]} Rf8
{[%clk 0:00:43]} 34. Bc3 {[%clk 0:01:15]} Nd3 {[%clk 0:00:56]} 35. Rf1
{[%clk 0:01:19]} Rdf7 {[%clk 0:01:04]} 36. Rf4 {[%clk 0:00:58]} Bxf4
{[%clk 0:00:53]} 37. exf4 {[%clk 0:01:05]} Rxf4 {[%clk 0:00:48]} 38. Be5
{[%clk 0:00:45]} Nxe5 {[%clk 0:00:41]} 39. gxf4 {[%clk 0:00:48]} Nd3
{[%clk 0:00:40]} 40. Qg4 {[%clk 0:00:45]} Nxf4+ {[%clk 0:00:38]} 41. Kg1
{[%clk 0:00:37]} Rf5 {[%clk 0:30:49]} 42. h4 {[%clk 0:19:16]} h5 {[%clk 0:22:35]}
43. Qd1 {[%clk 0:19:00]} Qf7 {[%clk 0:22:08]} 44. Nd4 {[%clk 0:02:57]} Nh3+
{[%clk 0:18:39]} 45. Kg2 {[%clk 0:03:23]} Rxf2+ {[%clk 0:18:38]} 46. Rxf2
{[%clk 0:03:46]} Nxf2 {[%clk 0:18:52]} 47. Qe1 {[%clk 0:03:27]} Nd3
{[%clk 0:14:17]} 48. Qg3 {[%clk 0:02:59]} Kh7 {[%clk 0:14:30]} 49. Ne2
{[%clk 0:01:20]} Qd7 {[%clk 0:13:57]} 50. Nc3 {[%clk 0:01:07]} Nc5
{[%clk 0:12:12]} 51. Qg5 {[%clk 0:00:36]} d4 {[%clk 0:08:19]} 52. Nd5
{[%clk 0:00:54]} Qg4+ {[%clk 0:08:30]} 53. Qxg4 hxg4 {[%clk 0:08:57]} 54. Nxb6
{[%clk 0:01:37]} d3 {[%clk 0:08:48]} 55. Nc4 {[%clk 0:01:56]} Nxa4
{[%clk 0:09:06]} 56. Kf2 {[%clk 0:00:36]} g3+ {[%clk 0:09:01]} 57. Kxg3
{[%clk 0:00:54]} Nb6 {[%clk 0:09:16]} 58. Nb2 {[%clk 0:00:35]} a4
{[%clk 0:09:27]} 59. Kf2 {[%clk 0:00:53]} a3 {[%clk 0:09:48]} 60. Nd1
{[%clk 0:00:45]} a2 {[%clk 0:10:07]} 61. Nc3 {[%clk 0:00:39]} 0-1

[Event "WCO2014"]
[Site "Tromso"]
[Date "2014.08.12"]
[Round "10.17"]
[WhiteID "11601124"]
[White "Reizniece-Ozola Dana"]
[BlackID "5201829"]
[Black "Camacho Chardine Cheradee"]
[Result "1-0"]
[LiveChessVersion "1.4.3"]
[BlackElo "2214"]
[WhiteElo "2278"]

1. c4 {[%clk 1:30:57]} e5 {[%clk 1:30:43]} 2. Nc3 {[%clk 1:30:27]} Nf6
{[%clk 1:30:52]} 3. g3 {[%clk 1:30:43]} d5 {[%clk 1:31:06]} 4. cxd5
{[%clk 1:31:03]} Nxd5 {[%clk 1:31:27]} 5. Bg2 {[%clk 1:31:22]} Nb6
{[%clk 1:31:40]} 6. Nf3 {[%clk 1:31:35]} Nc6 {[%clk 1:31:55]} 7. O-O
{[%clk 1:31:29]} Be7 {[%clk 1:32:04]} 8. a3 {[%clk 1:30:21]} O-O {[%clk 1:32:01]}
9. b4 {[%clk 1:28:58]} Be6 {[%clk 1:31:53]} 10. d3 {[%clk 1:26:08]} Nd4
{[%clk 1:29:21]} 11. Rb1 {[%clk 1:26:23]} Nxf3+ {[%clk 1:29:09]} 12. Bxf3
{[%clk 1:26:33]} c6 {[%clk 1:26:38]} 13. Qc2 {[%clk 1:21:25]} Qc7
{[%clk 1:19:44]} 14. Be3 {[%clk 1:17:19]} f5 {[%clk 1:11:56]} 15. Bc5
{[%clk 1:14:37]} Rfe8 {[%clk 1:04:14]} 16. Rfc1 {[%clk 1:02:31]} Bg5
{[%clk 1:03:12]} 17. Bxb6 {[%clk 0:39:49]} axb6 {[%clk 0:57:17]} 18. e3
{[%clk 0:39:41]} Qe7 {[%clk 0:53:46]} 19. Na4 {[%clk 0:37:18]} f4
{[%clk 0:43:25]} 20. exf4 {[%clk 0:35:02]} exf4 {[%clk 0:43:35]} 21. Re1
{[%clk 0:31:30]} Qf7 {[%clk 0:34:23]} 22. Be4 {[%clk 0:23:21]} Rf8
{[%clk 0:22:10]} 23. Nxb6 {[%clk 0:17:35]} Rxa3 {[%clk 0:17:38]} 24. Nc4
{[%clk 0:17:52]} Raa8 {[%clk 0:15:40]} 25. Ne5 {[%clk 0:16:52]} Qh5
{[%clk 0:12:47]} 26. d4 {[%clk 0:13:56]} fxg3 {[%clk 0:06:23]} 27. hxg3
{[%clk 0:13:40]} Rf6 {[%clk 0:05:27]} 28. Ra1 {[%clk 0:13:00]} Raf8
{[%clk 0:04:54]} 29. f3 {[%clk 0:07:26]} Rh6 {[%clk 0:03:29]} 30. Qg2
{[%clk 0:07:47]} Be7 {[%clk 0:02:47]} 31. Nd3 {[%clk 0:06:01]} Bh3
{[%clk 0:02:26]} 32. Qh2 {[%clk 0:05:57]} Bd6 {[%clk 0:02:21]} 33. Ra5
{[%clk 0:05:34]} Qf7 {[%clk 0:02:17]} 34. Qf2 {[%clk 0:04:37]} Bc7
{[%clk 0:02:11]} 35. Ne5 {[%clk 0:03:22]} Qf6 {[%clk 0:01:16]} 36. Ra7
{[%clk 0:02:49]} Bc8 {[%clk 0:01:22]} 37. Ra8 {[%clk 0:02:18]} Kh8
{[%clk 0:01:27]} 38. Rxc8 {[%clk 0:02:26]} Rxc8 {[%clk 0:01:22]} 39. Ng4
{[%clk 0:02:46]} Qd6 {[%clk 0:01:11]} 40. Nxh6 {[%clk 0:02:39]} gxh6
{[%clk 0:01:04]} 41. f4 {[%clk 0:19:17]} Bb6 {[%clk 0:28:37]} 42. Kh2
{[%clk 0:16:46]} Bxd4 {[%clk 0:24:09]} 43. Qa2 {[%clk 0:15:02]} Bg7
{[%clk 0:16:20]} 44. Bb1 {[%clk 0:12:13]} Rd8 {[%clk 0:06:32]} 45. Kh3
{[%clk 0:11:27]} Qd7+ {[%clk 0:05:53]} 46. Re6 {[%clk 0:07:01]} Bc3
{[%clk 0:01:01]} 47. g4 {[%clk 0:05:34]} h5 {[%clk 0:01:01]} 48. Qc2
{[%clk 0:03:10]} hxg4+ {[%clk 0:00:53]} 49. Kg3 {[%clk 0:03:12]} Qg7
{[%clk 0:01:03]} 50. Qe4 {[%clk 0:02:59]} Bxb4 {[%clk 0:00:39]} 51. Qxb4
{[%clk 0:02:56]} Rf8 {[%clk 0:00:42]} 52. Re7 {[%clk 0:02:50]} Rf7
{[%clk 0:00:38]} 53. Re8+ {[%clk 0:03:14]} 1-0

[Event "WCO2014"]
[Site "Tromso"]
[Date "2014.08.12"]
[Round "10.18"]
[WhiteID "5212499"]
[White "Frayna Janelle Mae"]
[BlackID "11601876"]
[Black "Rogule Laura"]
[Result "1/2-1/2"]
[LiveChessVersion "1.4.3"]
[BlackElo "2347"]
[WhiteElo "2205"]

1. d4 {[%clk 1:30:41]} d5 {[%clk 1:29:23]} 2. c4 {[%clk 1:30:47]} e6
{[%clk 1:27:43]} 3. Nc3 {[%clk 1:31:12]} Be7 {[%clk 1:23:47]} 4. cxd5
{[%clk 1:28:59]} exd5 {[%clk 1:24:12]} 5. Bf4 {[%clk 1:29:17]} c6
{[%clk 1:18:55]} 6. e3 {[%clk 1:29:08]} Bd6 {[%clk 1:14:11]} 7. Bxd6
{[%clk 1:29:05]} Qxd6 {[%clk 1:14:39]} 8. Bd3 {[%clk 1:29:25]} Ne7
{[%clk 1:13:53]} 9. Qb1 {[%clk 1:29:19]} g6 {[%clk 1:00:33]} 10. b4
{[%clk 1:27:26]} Nd7 {[%clk 0:51:46]} 11. Nf3 {[%clk 1:08:49]} Nb6
{[%clk 0:43:26]} 12. O-O {[%clk 1:04:24]} O-O {[%clk 0:43:29]} 13. b5
{[%clk 1:04:15]} Bf5 {[%clk 0:36:47]} 14. bxc6 {[%clk 1:01:49]} Qxc6
{[%clk 0:33:33]} 15. Rc1 {[%clk 1:00:39]} Rfc8 {[%clk 0:26:34]} 16. Ne5
{[%clk 0:54:23]} Qe6 {[%clk 0:24:31]} 17. Qb3 {[%clk 0:53:53]} f6
{[%clk 0:19:15]} 18. Bxf5 {[%clk 0:54:17]} Qxf5 {[%clk 0:12:49]} 19. e4
{[%clk 0:52:20]} Qe6 {[%clk 0:03:52]} 20. Nd3 {[%clk 0:51:04]} Qf7
{[%clk 0:03:58]} 21. Nc5 {[%clk 0:46:11]} Nc6 {[%clk 0:03:14]} 22. Nb5
{[%clk 0:40:15]} Rd8 {[%clk 0:03:31]} 23. Nxa7 {[%clk 0:37:43]} Rxa7
{[%clk 0:02:27]} 24. Qxb6 {[%clk 0:36:57]} dxe4 {[%clk 0:02:38]} 25. Nxe4
{[%clk 0:31:48]} Ra6 {[%clk 0:02:57]} 26. Qb2 {[%clk 0:31:39]} Rxd4
{[%clk 0:02:06]} 27. Rxc6 {[%clk 0:23:41]} Rxe4 {[%clk 0:02:29]} 28. Rxa6
{[%clk 0:21:40]} bxa6 {[%clk 0:02:57]} 29. Rc1 {[%clk 0:17:28]} Kg7
{[%clk 0:02:42]} 30. h3 {[%clk 0:15:36]} Qe7 {[%clk 0:02:31]} 31. Qc3
{[%clk 0:13:18]} Qe5 {[%clk 0:02:00]} 32. Qxe5 {[%clk 0:10:22]} Rxe5
{[%clk 0:02:25]} 33. Rc7+ {[%clk 0:08:50]} Kh6 {[%clk 0:01:59]} 34. a4
{[%clk 0:07:50]} Re4 {[%clk 0:01:37]} 35. a5 {[%clk 0:07:53]} Re5
{[%clk 0:01:57]} 36. Rc6 {[%clk 0:08:17]} Rxa5 {[%clk 0:02:21]} 37. Rxf6
{[%clk 0:08:43]} Ra1+ {[%clk 0:02:21]} 38. Kh2 {[%clk 0:09:08]} Kg7
{[%clk 0:01:55]} 39. Rb6 {[%clk 0:09:30]} h5 {[%clk 0:02:04]} 40. h4
{[%clk 0:06:21]} a5 {[%clk 0:02:08]} 41. Kg3 {[%clk 0:05:18]} a4 {[%clk 0:27:41]}
42. Kf4 {[%clk 0:36:07]} Kh6 {[%clk 0:22:04]} 43. f3 {[%clk 0:35:00]} a3
{[%clk 0:15:57]} 44. Ra6 {[%clk 0:35:20]} 1/2-1/2